कचरा प्रबंधन/ (Record no. 199762)

MARC details
000 -LEADER
fixed length control field 00728nam a22001817a 4500
005 - DATE AND TIME OF LATEST TRANSACTION
control field 20231221151233.0
010 ## - LCCN (DPL NO)
LC control number HIN-126597
020 ## - INTERNATIONAL STANDARD BOOK NUMBER
International Standard Book Number 9788189198831
Terms of availability 495.00
035 ## - SYSTEM CONTROL NUMBER
System control number HN-98943
037 ## - SOURCE OF ACQUISITION
Source of stock number/acquisition DBAD/PUB
082 ## - DEWEY DECIMAL CLASSIFICATION NUMBER
Classification number 363.7288
Item number 1
100 ## - MAIN ENTRY--PERSONAL NAME
Personal name बागड़ी, रामकृष्ण
245 ## - TITLE STATEMENT
Title कचरा प्रबंधन/
Statement of responsibility, etc रामकृष्ण बागड़ी
260 ## - PUBLICATION, DISTRIBUTION, ETC. (IMPRINT)
Place of publication, distribution, etc नई दिल्ली
Name of publisher, distributor, etc हरबंस लाल एंड संस
Date of publication, distribution, etc 2022
270 ## - ADDRESS
Address डी-38 निहाल विहार
City नई दिल्ली
Postal code 110041
300 ## - PHYSICAL DESCRIPTION
Extent 160पृष्ठ;
Dimensions 22 cm(अजिल्द)
942 ## - ADDED ENTRY ELEMENTS (KOHA)
Item type Hindi Books
Source of classification or shelving scheme Dewey Decimal Classification
Classification part 363.7288
Call number suffix बागड़ी
Holdings
Withdrawn status Lost status Not for loan Collection code Home library Current library Date acquired Source of acquisition Cost, normal purchase price Full call number Barcode Copy number Cost, replacement price Koha item type
      Non-fiction Ashok Vihar Ashok Vihar 21/12/2023 DBAD/PUB 495.00 363.7288 बागड़ी HN-98943 1 495.00 Hindi Books

© Delhi Public Library
Hit Counter
free hit counter